| 000 | 00564nam a2200145Ia 4500 | ||
|---|---|---|---|
| 008 | 170221s9999 xx 000 0 und d | ||
| 100 | _aSyed Sibtain Kazmi | ||
| 245 | _aImpact of Benefit Realization Management on Two-dimensional Model of Project Success: Evidence from Pakistani Telecom Industry | ||
| 245 | _cSyed Sibtain Kazmi, Arslan Rafi, Muhammad Hassan | ||
| 260 | _bInternational Review of Management and Marketing | ||
| 260 | _c2016 | ||
| 300 | _a15 : 22 | ||
| 650 | _xMarketing. | ||
| 856 | _uhttp://www.econjournals.com/index.php/irmm/issue/view/77 | ||
| 999 |
_c312077 _d312077 |
||